¿Caben las maras en la democracia salvadoreña?

Tallennettuna:
Bibliografiset tiedot
Aineistotyyppi: Teksti
Tagit: Lisää tagi
Ei tageja, Lisää ensimmäinen tagi!

MARC

LEADER 00000 a a2200000 04500
001 42596
003
040
245 |a ¿Caben las maras en la democracia salvadoreña?  
773 |g volumen25, número1107 (2004), páginas 4-5  
999 |c 26058  |d 26058